000 00301nam a22001337a 4500
003 SGT
020 _a978-93-85915-12-3
100 _aKUMAR, SUDHIR
245 _aHAND BOOK OF MATHEMATICS FOR PHARMACY
250 _a1st
260 _aS, VIKASH
_bPUNJAB
_c2016
650 _aMATHEMATICS
942 _2ddc
_cBK
999 _c24721
_d24721